First Works Quiz Stats

 Plays Quiz Updated Sep 4, 2019

Score 0/24 Timer 05:00
0 Plays Today
Book Author % Correct
Sense and SensibilityJane Austen
79%
CarrieStephen King
75.7%
TwilightStephenie Meyer
64.1%
The Pickwick PapersCharles Dickens
61.6%
Interview With the VampireAnne Rice
54.3%
The NotebookNicholas Sparks
54.1%
The Tale of Peter RabbitBeatrix Potter
53.2%
Digital FortressDan Brown
52.3%
The Hitchhiker's Guide to the GalaxyDouglas Adams
51.2%
A Time to KillJohn Grisham
49.2%
The Hunt for Red OctoberTom Clancy
48%
The Celebrated Jumping Frog of Calaveras CountyMark Twain
45.5%
Book Author % Correct
And to Think That I Saw It on Mulberry StreetDr. Seuss
42.6%
The Andromeda StrainMichael Crichton
40.5%
The StrangerAlbert Camus
35.2%
This Side of ParadiseF. Scott Fitzgerald
30.3%
The Mysterious Affair at StylesAgatha Christie
23.9%
The Torrents of SpringErnest Hemingway
21.8%
Player PianoKurt Vonnegut
19%
Down and Out in Paris and LondonGeorge Orwell
18.2%
A Cup of GoldJohn Steinbeck
15.1%
The One in the Middle Is the Green KangarooJudy Blume
6.7%
GrimusSalman Rushdie
5.1%
Blind DateR.L. Stine
2.7%

You're not logged in!

Compare scores with friends on all Sporcle quizzes.
OR
Log In

Sporcle TV

Today on Sporcle TV


Watch our educational content, quiz creation guides, and fun videos on Sporcle TV.

Show Comments

Extras

Top Quizzes Today


Score Distribution

Your Account Isn't Verified!

In order to create a playlist on Sporcle, you need to verify the email address you used during registration. Go to your Sporcle Settings to finish the process.

Report this User

Report this user for behavior that violates our Community Guidelines.

Details: